000 00355nam a22001457a 4500
020 _a817301-602-X
082 _a823
_bPRA/T
100 _aPRAKASH, VED
245 _aTHANK YOU
_bCHARACTER BUILDING STORIES FOR CHILDREN
260 _aDELHI
_bDREAMLAND
300 _a24
520 _aENGLISH SHORT STORY
650 _aENGLISH SHORT STORY
_zDELHI
942 _cBK
999 _c5034
_d5034